Soccernomics Why England Lose, Why Germany, Spain and France Win, and Why One Day the Rest of the World Will Finally Catch Up
Salvato in:
| Autore principale: | |
|---|---|
| Altri autori: | |
| Natura: | Libro |
| Lingua: | inglese |
| Pubblicazione: |
London
HarperCollinsPublishers
2018
|
| Edizione: | 1st, Revised and Updated Edition |
| Soggetti: | |
| Tags: |
Nessun Tag, puoi essere il primo ad aggiungerne!!
|
MARC
| LEADER | 00000nam a2200000 4500 | ||
|---|---|---|---|
| 001 | 0277292 | ||
| 005 | 20221220065851.5 | ||
| 020 | |a 978-0-00-823664-9 | ||
| 041 | 0 | |a eng | |
| 044 | |a GB | ||
| 245 | 1 | 0 | |a Soccernomics |b Why England Lose, Why Germany, Spain and France Win, and Why One Day the Rest of the World Will Finally Catch Up |c Simon Kuper and Stefan Szymanski |
| 250 | |a 1st, Revised and Updated Edition | ||
| 264 | 1 | |a London |b HarperCollinsPublishers |c 2018 | |
| 300 | |a 568 s. | ||
| 610 | 2 | 0 | |a šport |
| 610 | 2 | 0 | |a ekonómia |
| 610 | 2 | 0 | |a myslenie ekonomické |
| 100 | 1 | |a Kuper, Simon | |
| 700 | 1 | |a Szymanski, Stefan | |